Statistics for Countries, US States, Capitals, Elements, 100 Most Common Words: Starting with Z

Click here to take the quiz!

General Stats

  • This quiz has been taken 4,804 times
  • The average score is 4 of 5

Answer Stats

ANSWER% Correct
Zimbabwe
96%
Zambia
95%
Zinc
69%
Zagreb
54%
Zirconium
53%

Score Distribution

Percentile by Number Answered

Percent of People with Each Score

Your Score History

You have not taken this quiz